| 000 | 00512nam a22001817a 4500 | ||
|---|---|---|---|
| 999 |
_c146545 _d146545 |
||
| 005 | 20181228152623.0 | ||
| 010 | _aENG-120853 | ||
| 020 |
_c499.00 _a9788192226682 |
||
| 035 | _aEN-104385 | ||
| 037 | _bDBAD/PUB | ||
| 082 | _a823.92 | ||
| 100 | _aBasher,A. M. | ||
| 245 |
_aRiot widows / _cby A. M. Baheer |
||
| 260 |
_aNew Delhi _bPalimpsest _c2013 |
||
| 270 |
_a16 Community Centere, Panchsheel Park _bNew Delhi _e110017 |
||
| 300 |
_a244p. _c23 Cm.(hb) |
||
| 942 |
_2ddc _cEN _h823.92 _mBAS |
||